01565nam a2200181Ia 4500041000900000082001900009100002600028245009400054260006700148300001500215504004000230520091500270546001201185650005001197650005701247650002801304650005101332 aeng- aRM.0392bMIS-U aMishra, Pradeep Kumar 0aUse of online social networking sites by Indian youths :ba study /cPradeep Kumar Mishra aNew Delhi :bIndian Council of Social Science Research,c2012. avii, 127p. aIncludes bibliographical references aSocial networking is brining both positive and negative changes in the lives of youths. At one side, they are finding it quite easy to have 24X 7 accesses to their friends and colleagues and on the other side, much use of SNS is taking them away from real world. Therefore, it seems justified to feel the pulse of Indian Youths who contribute to a very large part of overall SNS users not only in India but also the world. However, uestions remain concerning how Indian youths participate in online social networking sites, in what communities, and with whom. In this backdrop, present study attempts to have an overview of the trends, tendencies, purposes, intentions, and methods employed by Indian Youth while using social networking sites. In addition, the analyses offer insights into the social/moral/ psychological/emotional aspects which persist in the membership of youths in social networking sites.  aEnglish aOnline social networksxSocial aspectszIndia aOnline social networksxPsychological aspectszIndia aYouthxAttitudeszIndia aSocial mediaxMoral and ethical aspectszIndia